<?xml version="1.0" encoding="UTF-8"?>
<record
    xmlns:xsi="http://www.w3.org/2001/XMLSchema-instance"
    xsi:schemaLocation="http://www.loc.gov/MARC21/slim http://www.loc.gov/standards/marcxml/schema/MARC21slim.xsd"
    xmlns="http://www.loc.gov/MARC21/slim">

  <leader>00701nam a22002177a 4500</leader>
  <datafield tag="952" ind1=" " ind2=" ">
    <subfield code="a">0002</subfield>
    <subfield code="b">0002</subfield>
    <subfield code="d">2021-12-10</subfield>
    <subfield code="l">0</subfield>
    <subfield code="o">923.7 Tongu&#xE7;,&#x130;.H. T65b 1997</subfield>
    <subfield code="p">P00936</subfield>
    <subfield code="r">2021-12-10 00:00:00</subfield>
    <subfield code="w">2021-12-10</subfield>
    <subfield code="x">Emin De&#x11F;er Ba&#x11F;&#x131;&#x15F;&#x131;d&#x131;r.</subfield>
    <subfield code="y">BKS</subfield>
  </datafield>
  <datafield tag="999" ind1=" " ind2=" ">
    <subfield code="c">14674</subfield>
    <subfield code="d">14674</subfield>
  </datafield>
  <controlfield tag="003">MIRAKIL</controlfield>
  <controlfield tag="005">20211210145617.0</controlfield>
  <controlfield tag="008">211210b        tu ||||| |||| 00| 0 tur d</controlfield>
  <datafield tag="020" ind1=" " ind2=" ">
    <subfield code="a">9758094327</subfield>
  </datafield>
  <datafield tag="040" ind1=" " ind2=" ">
    <subfield code="a">TR-AnCHP</subfield>
    <subfield code="b">tur</subfield>
    <subfield code="c">TR-AnCHP</subfield>
  </datafield>
  <datafield tag="082" ind1=" " ind2=" ">
    <subfield code="a">923.7 Tongu&#xE7;,&#x130;.H.</subfield>
    <subfield code="b">T65b 1997</subfield>
  </datafield>
  <datafield tag="100" ind1=" " ind2=" ">
    <subfield code="a">Tongu&#xE7;, Engin</subfield>
  </datafield>
  <datafield tag="245" ind1=" " ind2=" ">
    <subfield code="a">Bir e&#x11F;itim devrimcisi: &#x130;smail Hakk&#x131; Tongu&#xE7;</subfield>
    <subfield code="b">(ya&#x15F;am&#x131;,&#xF6;&#x11F;retisi,eylemi) /</subfield>
    <subfield code="c">Engin Tongu&#xE7;</subfield>
  </datafield>
  <datafield tag="246" ind1=" " ind2=" ">
    <subfield code="a">Bir e&#x11F;itim devrimcisi</subfield>
  </datafield>
  <datafield tag="260" ind1=" " ind2=" ">
    <subfield code="a">Ankara:</subfield>
    <subfield code="b">G&#xFC;ldiken Yay&#x131;nlar&#x131;,</subfield>
    <subfield code="c">1997.</subfield>
  </datafield>
  <datafield tag="300" ind1=" " ind2=" ">
    <subfield code="a">615 s.:</subfield>
    <subfield code="c">20 sm.</subfield>
  </datafield>
  <datafield tag="600" ind1=" " ind2=" ">
    <subfield code="a">Tongu&#xE7;,&#x130;smail Hakk&#x131;</subfield>
    <subfield code="d">1893-1960</subfield>
    <subfield code="x">Ya&#x15F;am&#xF6;yk&#xFC;s&#xFC; </subfield>
  </datafield>
  <datafield tag="650" ind1=" " ind2=" ">
    <subfield code="a">E&#x11F;itimciler</subfield>
  </datafield>
  <datafield tag="650" ind1=" " ind2=" ">
    <subfield code="a">K&#xF6;y Enstit&#xFC;leri</subfield>
    <subfield code="x">Tarih</subfield>
  </datafield>
  <datafield tag="942" ind1=" " ind2=" ">
    <subfield code="2">ddc</subfield>
    <subfield code="c">BKS</subfield>
  </datafield>
</record>
